00484nam a2200169Ia 4500008004100000020001500041040001900056041001200075082002600087100002100113245006500134260003900199300002400238504001900262650001200281850002100293131103s9999 xx 000 0 und d a063113111x aLoreto College aEnglish a335.42/BEKbLCBKB/136 aBekerman, Gerard aMarx and Engelsb a conceptual concordance cGerard Bekerman aEnglandbBlackwell Referencec1983 axxix,205p. c 23cm. aIncludes index aMarxism aLCBKB/335.42/BEK